000 00341nam a2200133Ia 4500
008 100328s9999 xx 000 0 und d
082 _b36278
100 _aरांगणेकर कुमुदिनी
245 _aनकळत
260 _bअर्चना
630 _aनकळत
730 _aनकळत
942 _cBOOK
999 _c525982
_d525979